|
|
|
|
| LEADER |
00000cam a2200000 a 4500 |
| 001 |
vtls008448307 |
| 003 |
SK-MaSNL |
| 005 |
20260311150429.0 |
| 008 |
230403s1963 xr odabf n 001 0 cze |
| 015 |
|
|
|a SNBA1963
|
| 020 |
|
|
|q (viazané)
|
| 035 |
|
|
|a SAVUKc020936
|
| 035 |
|
|
|a urn:nbn:sk:snk-am3ii4x
|
| 035 |
|
|
|a B682DAC9-949F-4F8E-AF98-4905F62D81F8
|
| 035 |
|
|
|a urn:nbn:sk:snk-am00ek0g
|
| 035 |
|
|
|a urn:nbn:sk:snk-am00fj8b
|
| 035 |
|
|
|a 3CF75AB3-5EB9-4488-8C17-E70A1BCA71AB
|
| 040 |
|
|
|a SNK
|b slo
|c SNK
|e AACR2
|
| 041 |
0 |
|
|a cze
|
| 043 |
|
|
|a e-cs---
|
| 044 |
|
|
|a xr
|c CZ
|
| 072 |
|
7 |
|a 556
|x Hydrológia
|2 konspekt
|
| 080 |
|
|
|a 556.3
|2 2011
|
| 080 |
|
|
|a 553.7
|2 2001
|
| 080 |
|
|
|a (437)
|2 2011
|
| 080 |
|
|
|a (048.8)
|2 2011
|
| 100 |
1 |
|
|a Hynie, Ota,
|d 1899-1968
|4 aut
|9 116332
|
| 245 |
1 |
0 |
|a Hydrogeologie ČSSR
|n 2.
|p Minerální vody
|c Ota Hynie ; vĕdecký redaktor Odolen Kodym
|
| 246 |
3 |
0 |
|a Minerální vody
|
| 250 |
|
|
|a 1. vyd.
|
| 260 |
|
|
|a Praha
|b Československá akademie věd
|c 1961
|
| 300 |
|
|
|a 797 strán
|b diagramy, fotografie, grafy, ilustrácie, mapy, tabuľky
|e 2 voľné rozkladacie mapy
|
| 366 |
|
|
|e 2100 kusov
|
| 500 |
|
|
|a Vydala Československá akademie vĕd
|
| 504 |
|
|
|a Bibliografia na strane 747-765 ; register na strane 767-785 ; register najvýznamnejších lokalít minerálnych vôd a peloidov na strane 787
|
| 650 |
0 |
7 |
|a hydrogeológia
|2 SNKPH
|9 3611
|
| 650 |
0 |
7 |
|a minerálne vody
|2 SNKPH
|9 50838
|
| 651 |
|
7 |
|a Československo
|2 SNKPHgeo
|9 21376
|
| 655 |
|
7 |
|a monografie
|2 SNKPH
|9 70139
|
| 700 |
1 |
|
|a Kodym, Odolen,
|d 1898-1963
|4 red
|9 135392
|
| 710 |
2 |
|
|a Československá akademie věd
|4 pbl
|9 75602
|
| 852 |
|
|
|a Slovenská národná knižnica
|
| 954 |
|
|
|a odborná, vedecká literatúra cudzojazyčná (svetová)
|2 lita
|
| 958 |
|
|
|a RK
|
| 958 |
|
|
|a TL
|
| 958 |
|
|
|a CZ
|
| 958 |
|
|
|a OND
|
| 958 |
|
|
|a NB
|
| 958 |
|
|
|a EUIPO
|
| 999 |
|
|
|c 1167049
|d 1168979
|
| 952 |
|
|
|a SNK
|b SNK
|y PREZ
|7 0
|p 17A0841299
|o snkSC 15695/2
|i snkKIP 9148/63
|z Príloha: 2 voľné rozkladacie mapy
|0 0
|1 0
|4 0
|d 2020-07-16
|f 1
|l 0
|r 2025-07-18 00:00:00
|w 2026-02-24
|
| 952 |
|
|
|a SNK
|b SNK
|y PREZ
|7 0
|p 17A1429075
|o snkSC 15695/2/príl.
|i snkKIP 9148/63
|z listová príloha
|0 0
|1 0
|4 0
|d 2020-07-27
|f 1
|l 0
|r 2025-07-18 00:00:00
|w 2026-02-24
|